載入...

Production,purification and characterization of thermo stable d-analyse from streptomyces griseus TBG-19NRAI/

書目詳細資料
主要作者: Divya Balakrishnan
格式: Printed Book
語言:English
出版: Thiruvananthapuram: Dept. of Biotechnology, University of Kerala, 2016.
LEADER 00535nam a22001217a 4500
008 180320b xxu||||| |||| 00| 0 eng d
999 |c 188127  |d 188127 
084 |2 cc  |a F9G9822:(G91) 
100 |a Divya Balakrishnan 
245 |a Production,purification and characterization of thermo stable d-analyse from streptomyces griseus TBG-19NRAI/ 
260 |a Thiruvananthapuram:  |b Dept. of Biotechnology, University of Kerala,  |c 2016. 
942 |c REF 
952 |0 0  |1 0  |4 0  |6 F_9G9822G91_Q6  |7 0  |8 RT  |9 328417  |a LIB  |b LIB  |d 2018-03-20  |o F9G9822:(G91) Q6  |p G40133  |r 2018-03-20  |y REF